000 00658nam a22002177a 4500
003 UA-OsUOA
001 93629
007 ta
008 20130124b un ||||| |||| 00| 0 ukr d
100 _aАрхангельський Ю.С.
090 _a330
_bА87
942 _cSA
040 _aUA-OsUOA
_bukr
_cUA-OsUOA
_dUA-OsUOA
245 _aНеобхідність державного планування економіки обгрунтовано економіко-математичною теорією
300 _aС.82-91
955 _a0
041 _aukr
080 _a330
773 0 _w93625
650 7 _a330 Економіка взагалі
_2UDC
999 _c379879
_d379879